Non conventional energy resources (Record no. 184819)

000 -LEADER
fixed length control field 00365nam a2200121Ia 4500
008 - FIXED-LENGTH DATA ELEMENTS--GENERAL INFORMATION
fixed length control field 220217s9999||||xx |||||||||||||| ||und||
082 ## - DEWEY DECIMAL CLASSIFICATION NUMBER
Classification number 621.042 DUB
100 ## - MAIN ENTRY--PERSONAL NAME
Personal name Dubay, S.K and Bhargava, S.K
245 #0 - TITLE STATEMENT
Title Non conventional energy resources
260 ## - PUBLICATION, DISTRIBUTION, ETC.
Place of publication, distribution, etc. Dhanpath rai publications
Name of publisher, distributor, etc. New Delhi
Date of publication, distribution, etc. 2012
300 ## - PHYSICAL DESCRIPTION
Extent XVI, 672p.
Other physical details 175
650 ## - SUBJECT ADDED ENTRY--TOPICAL TERM
Topical term or geographic name entry element ENERGY CONVERSION
Holdings
Withdrawn status Lost status Damaged status Not for loan Collection code Home library Current library Date acquired Total Checkouts Total Renewals Full call number Barcode Date last seen Date last checked out Price effective from Koha item type
        Mechanical Engineering Central Library Central Library 02/18/2022 2 1 621.042 DUB 20008 08/19/2022 07/19/2022 02/18/2022 Books

Powered by Koha